Rethinking student discipline : (Record no. 26934)

000 -LEADER
fixed length control field 01396cam a2200349 a 4500
001 - CONTROL NUMBER
control field 1106936
003 - CONTROL NUMBER IDENTIFIER
control field OSt
005 - DATE AND TIME OF LATEST TRANSACTION
control field 20170207093058.0
008 - FIXED-LENGTH DATA ELEMENTS--GENERAL INFORMATION
fixed length control field 930812s1994 caua b 001 0 eng
010 ## - LIBRARY OF CONGRESS CONTROL NUMBER
LC control number 93023415
020 ## - INTERNATIONAL STANDARD BOOK NUMBER
International Standard Book Number 0803960840
020 ## - INTERNATIONAL STANDARD BOOK NUMBER
International Standard Book Number 0803960859 (pbk.)
040 ## - CATALOGING SOURCE
Original cataloging agency DLC
Transcribing agency DLC
Modifying agency DLC
043 ## - GEOGRAPHIC AREA CODE
Geographic area code n-us---
050 00 - LIBRARY OF CONGRESS CALL NUMBER
Classification number LB3012 .S54 1994
082 00 - DEWEY DECIMAL CLASSIFICATION NUMBER
Classification number 371.5/0973
Edition number 20
100 1# - MAIN ENTRY--PERSONAL NAME
Personal name Short, Paula M.
Dates associated with a name 1994-
245 10 - TITLE STATEMENT
Title Rethinking student discipline :
Remainder of title alternatives that work /
Statement of responsibility, etc. Paula M. Short, Rick Jay Short, Charlie Blanton.
260 ## - PUBLICATION, DISTRIBUTION, ETC. (IMPRINT)
Place of publication, distribution, etc. Thousand Oaks, Calif. :
Name of publisher, distributor, etc. Corwin Press,
Date of publication, distribution, etc. 1994.
300 ## - PHYSICAL DESCRIPTION
Extent xiv, 121 p. :
Other physical details ill. ;
Dimensions 24 cm.
440 #0 - SERIES STATEMENT/ADDED ENTRY--TITLE
Title Principals taking action series
500 ## - GENERAL NOTE
General note Includes bibliographical references (p. 107-113) and indexes.
504 ## - BIBLIOGRAPHY, ETC. NOTE
Bibliography, etc Includes bibliographical references (p. 107-113) and indexes.
650 #0 - SUBJECT ADDED ENTRY--TOPICAL TERM
Topical term or geographic name as entry element School discipline
Geographic subdivision United States.
650 #0 - SUBJECT ADDED ENTRY--TOPICAL TERM
Topical term or geographic name as entry element Classroom management
Geographic subdivision United States.
700 1# - ADDED ENTRY--PERSONAL NAME
Personal name Short, Rick Jay.
700 1# - ADDED ENTRY--PERSONAL NAME
Personal name Blanton, Charlie.
856 42 - ELECTRONIC LOCATION AND ACCESS
Materials specified Publisher description
Uniform Resource Identifier <a href="http://www.loc.gov/catdir/enhancements/fy0655/93023415-d.html">http://www.loc.gov/catdir/enhancements/fy0655/93023415-d.html</a>
856 41 - ELECTRONIC LOCATION AND ACCESS
Materials specified Table of contents only
Uniform Resource Identifier <a href="http://www.loc.gov/catdir/enhancements/fy0655/93023415-t.html">http://www.loc.gov/catdir/enhancements/fy0655/93023415-t.html</a>
906 ## - LOCAL DATA ELEMENT F, LDF (RLIN)
a 7
b cbc
c orignew
d 1
e ocip
f 19
g y-gencatlg
942 ## - ADDED ENTRY ELEMENTS (KOHA)
Source of classification or shelving scheme
Koha item type Hard Covered Materials
Classification part LB3012 .S54 1994
Call number prefix 34619
Holdings
Withdrawn status Lost status Source of classification or shelving scheme Damaged status Not for loan Home library Current library Shelving location Date acquired Source of acquisition Total Checkouts Full call number Barcode Date last seen Price effective from Koha item type
          MACHAKOS UNIVERSITY LIBRARY MACHAKOS UNIVERSITY LIBRARY Technical section 07/02/2017 Donation(BFA)   LB3012 .S54 1994 34619 13/07/2018 07/02/2017 Hard Covered Materials
© Machakos University Library, Along The Highway, Machakos Wote Rd, Machakos, Kenya P.O. Box 136 - 90100 Machakos - Kenya

Tel: ( +254 ) 723 805829 OR Fax : 044-20353 OR Email: library@mksu.ac.ke